000 00619nam a2200229 a 4500
999 _c628
_d628
001 628
003 BD-JhCC
005 20171008090613.0
008 171008s20052011ii a|||| || | 000 0 eng d
020 _a8175962577
035 _a(BD-JhCC)628
040 _aBD-JhCC
_dBD-JhCC
041 _aeng
082 _a658.452
_bGOO 2011
100 _aGoodale, Malcolm
245 _aProfessional Presentations /
_cMalcolm Goodale,
260 _aNew Delhi:
_bCambridge University Press India Pvt. Ltd
300 _a80 p.;
_bii
_c26cm.
650 _aEnglish Language
_xBusiness Presentations
942 _2ddc
_cBK